Psicología general (Record no. 35995)

MARC details
000 -LEADER
campo de control de longitud fija 00781nam a2200217 i 4500
001 - NÚMERO DE CONTROL
campo de control 35995
003 - IDENTIFICADOR DE NÚMERO DE CONTROL
campo de control ES-MaACL
005 - FECHA Y HORA DE LA ÚLTIMA TRANSACCIÓN
campo de control 20250822062544.0
007 - CAMPO FIJO DE DESCRIPCIÓN FÍSICA--INFORMACIÓN GENERAL
campo de control de longitud fija t|
008 - DATOS DE LONGITUD FIJA--INFORMACIÓN GENERAL
campo de control de longitud fija 030214s1952 sp ||||1| spa d
100 1# - ENTRADA PRINCIPAL--NOMBRE DE PERSONA
Nombre de persona Brennan, Robert Edward.
9 (RLIN) 31589
245 10 - MENCIÓN DEL TÍTULO
Título Psicología general
Resto del título : una interpretación de la ciencia de la mente /
Mención de responsabilidad, etc. Robert Edward Brennan ; prefacio de Rudolf Allers ; versión española de J. Estellés Salarich ; prólogo de Santiago Ramírez.
260 ## - PUBLICACIÓN, DISTRIBUCIÓN, ETC.
Lugar de publicación, distribución, etc. Madrid :
Nombre del editor, distribuidor, etc. Morata,
Fecha de publicación, distribución, etc. [1952]
300 ## - DESCRIPCIÓN FÍSICA
Extensión 519 p. :
Otras características físicas il. ;
Dimensiones 22 cm.
650 07 - PUNTO DE ACCESO ADICIONAL DE MATERIA--TÉRMINO DE MATERIA
Término de materia o nombre geográfico como elemento de entrada Psicología
Fuente del encabezamiento o término embne
9 (RLIN) 16540
700 1# - ENTRADA AGREGADA--NOMBRE PERSONAL
Nombre de persona Allers, Rudolf.
9 (RLIN) 20030
700 1# - ENTRADA AGREGADA--NOMBRE PERSONAL
Nombre de persona Estellés Salarich, José.
9 (RLIN) 48102
700 1# - ENTRADA AGREGADA--NOMBRE PERSONAL
Nombre de persona Ramírez, Santiago.
9 (RLIN) 95112
852 ## - LOCALIZACIÓN
Ubicación ES-MaACL
Número de control de estantería D-5970
Holdings
Estatus retirado Estado de pérdida Estado de daño No para préstamo Biblioteca de origen Biblioteca actual Ubicación en estantería Fecha de adquisición Fuente de adquisición Total de préstamos Signatura topográfica completa Código de barras Visto por última vez Precio de reemplazo Tipo de ítem Koha
        Biblioteca del Ateneo de Madrid Biblioteca del Ateneo de Madrid Sala Valle Inclán 17/01/2008     D-5970 901037738 23/02/2023 23/02/2023 Libro impreso